| 000 | 00932nam a2200265Ia 4500 | ||
|---|---|---|---|
| 003 | OSt | ||
| 005 | 20220918170220.0 | ||
| 006 | a|||||r|||| 00| 0 | ||
| 007 | ta | ||
| 008 | 220917b |||||||| |||| 00| 0 eng d | ||
| 020 |
_a978 90 04 15814 6 (hbk) _c6277.31 |
||
| 024 | _a233,404 | ||
| 037 |
_b7370, 21/01/2008, Elite Publishers Distributors _cTextual |
||
| 040 |
_aARTS _cARTS _beng |
||
| 041 |
_2eng _aeng |
||
| 082 | _aQ2:31(Y15), P7 | ||
| 100 |
_aLudvik Catherine _927732 |
||
| 245 | 0 |
_aSarasvati riverine Goddess of knowledge _b from the manuscript - carrying vina-player to the weapon-weilding defender of the dharma |
|
| 260 |
_aLeiden _bBrill U .S.A _c2007 |
||
| 300 |
_axviii, 374p. _ccm. |
||
| 490 | _aBrill's indological library | ||
| 650 | _aRELIGION | ||
| 942 |
_hQ2:31(Y15), P7 _cTEXL _2CC |
||
| 999 |
_c133146 _d133146 |
||